Ballon D’or and Euros winners- England - Statistics

General Stats
  • This quiz has been taken 26 times
  • The average score is 27 of 95
Answer Stats
Hint Answer % Correct
Ballon D’or1966 Bobby Charlton
79%
Ballon D’or 1956 Stanley Matthews
79%
Ballon D’or1978, 1979 Kevin Keegan
74%
Ballon D’or2001 Michael Owen
74%
Ballon D’or2008, 2013, 2014, 2016, 2017 Euros 2016 Cristiano Ronaldo
63%
Ballon D’or1968 George Best
63%
Ballon D’or2024 Euros 2024 Rodri
63%
Euros2024 Rodri
63%
Ballon D’or1964 Denis Law
58%
Ballon D’or2018 Luka Modric
58%
Euros1992 Peter Schmeichel
58%
Ballon D’or1987 Euros 1988 Ruud Gullit
58%
Euros2016 Adrien Silva
53%
Euros2008, 2012 David Silva
53%
Euros2008, 2012 Fernando Torres
53%
Euros2024 Ferran Torres
53%
Ballon D’or1995 George Weah
53%
Euros2000 Thierry Henry
53%
Euros2012 Gerard Pique
47%
Euros 2000 Patrick Vieira
47%
Ballon D’or2004 Shevchenko
47%
Euros2008, 2012 Cesc Fabregas
42%
Euros2000 Emmanuel Petit
42%
Euros2000 Fabian Barthez
42%
Euros1996 Jurgen Klinsmann
42%
Euros 2000 Marcel Desailly
42%
Euros2000 Robert Pires
42%
Euros2024 Alvaro Morata
37%
Euros1992 Brian Laudrup
37%
Euros2000 Didier Deschamps
37%
Euros2000 Laurent Blanc
37%
Euros2016 Nani
37%
Euros2012 Victor Valdes
37%
Ballon D’or1977 Allan Simonsen
32%
Euros, 2008, 2012 Alvaro Arbeloa
32%
Euros2024 Aymeric Laporte
32%
Euros2024 David Raya
32%
Euros2016 Eder
32%
Euros2020 Federico Chiesa
32%
Euros2024 Marc Cucurella
32%
Euros2000 Nicolas Anelka
32%
Euros2012 Pedro
32%
Euros2012, 2024 Jesus Navas
26%
Euros2020 Jorginho
26%
Euros2012 Juan Mata
26%
Euros 2008, 2012 Pepe Reina
26%
Euros2016 Ricardo Carvalho
26%
Euros2016 Ricardo Quaresma
26%
Euros2000 Sylvain Wiltord
26%
Euros2008, 2012 Xabi Alonso
26%
Euros2012 Alvaro Negredo
21%
Euros2016 Cedric Soares
21%
Euros2016 Joao Moutinho
21%
Euros2016 Jose Fonte
21%
Euros2016 Renato Sanches
21%
Euros2016 Rui Patricio
21%
Euros2008, 2012 Santi Cazorla
21%
Euros2024 Ayoze Perez
16%
Euros2000 Christophe Dugarry
16%
Euros2020 Emerson Palmieri
16%
Euros1992 John Jensen
16%
Euros1992 Kent Nielsen
16%
Euros2024 Mikel Merino
16%
Euros2004 Theodoris Zagorakis
16%
Euros 2000 Youri Djorkaeff
16%
Euros2016 Andre Gomes
11%
Euros2000 Bernard Lama
11%
Euros2000 Christian Karembeu
11%
Euros 1996 Christian Ziege
11%
Euros2012 Fernando Llorente
11%
Euros2000 Frank Leboeuf
11%
Euros1992 Henrik Larsen
11%
Euros2016 Joao Mario
11%
Euros2024 Joselu
11%
Euros 1996 Markus Babbel
11%
Euros2004 Angelos Basinas
5%
Euros 1988 Arnold Muhren
5%
Euros1984 Didier six
5%
Euros2004 Dimitrios Papdopoulos
5%
Euros2016 Eduardo
5%
Euros 1980 Eike Immel
5%
Euros1996 Fredi Bobic
5%
Euros2004 Georgios Georgiadis
5%
Euros2004 Georgios Karagkounis
5%
Euros1988 Hans van Breukelen
5%
Euros 1992 John Sivebaek
5%
Euros1992 Lars Elstrup
5%
Euros2004 Nikos Dabizas
5%
Euros1996 Steffen Freund
5%
Euros2004 Stelios Giannakopoulos
5%
Euros1996 Thomas Helmer
5%
Euros1992 Torben Piechnik
5%
Euros 2004 Traianos Dellas
5%
Euros2004 Vasilios Lakis
5%
Euros2000 Vincent Candela
5%
No matching quizzes found
Score Distribution
Percent of People with Each Score
Percentile by Number Answered
Your Score History
You have not taken this quiz